Від яйця-райця до ідеї Спасителя (Запис № 286818)

МАРК-запис
000 -Лідер
fixed length control field 02050nam a22002657a 4500
001 - Контрольний номер
control field 653
003 - Ідентифікатор контрольного номера
control field UA-OsUOA
005 - Дата та час останнього входження (трансакції)
control field 20210916115538.0
007 - Фіксоване поле фізичного опису
fixed length control field ta
008 - Елементи даних фіксованої довжини – загальна інформація
fixed length control field 20050623b un ||||| |||| 00| 0 ukr d
020 ## - Міжнародний стандартний книжковий номер (ISBN)
Міжнародний стандартний книжковий номер (ISBN) (НП) 9660601697
040 ## - Джерело каталогізації
Агенція оригінальної каталогізації UA-OsUOA
Мова каталогізації ukr
Агенція, яка здійснювала перезапис UA-OsUOA
Агенція, яка здійснювала модифікацію UA-OsUOA
041 ## - Код мови
Код мови тексту/ звукової доріжки чи окремого заголовка (П) ukr
080 ## - Індекс Універсальної десяткової класифікації
Індекс Універсальної десяткової класифікації (УДК) (НП) 94(100)
090 ## - Локальний шифр розміщення
Класифікаційний індекс УДК 94(100)
Авторський знак (НП) Ч-74
100 ## - Основне введення – ім’я особи
Ім’я особи (НП) Чмихов М.
245 ## - Відомості про назву
Назва (НП) Від яйця-райця до ідеї Спасителя
Решта назви (НП) монографія
Дані про відповідальність (НП) Микола Чмихов
260 ## - Публікація, розповсюдження і т.п. (Вихідні дані)
Місце публікації, розповсюдження і т.п. (П) К.
Ім’я/ наймення видавництва, розповсюджувача і т.п. (П) Либідь
Дата публікації, розповсюдження і т.п. (П) 2001
300 ## - Фізичний опис
Обсяг 432 с.
505 00 - Форматована примітка про зміст
Форматована примітка про зміст Зміст<br/>1. Обидва кінці часу<br/>2. Щаблі епох<br/>3. "Віки" і потопи<br/>4. Дати в символах<br/>5. Безсмертний "закон"
520 3# - Резюме і т.п.
Резюме, реферат, анотація, тощо (НП) <br/>У книзі відтворено споконвічний пошук розв’язання питання про місце і роль людства у житті Всесвіту. Аналізуються особливості взаємовпливів суспільства й довкілля у давнину, формування найдавнішої системи світогляду та її вершини – космології. Автор пропонує оригінальні концепції визначення прабатьківщини індоєвропейців та їх складової частини – предків слов’ян, дає характеристику основних рис язичництва Русі. Дослідження базується на матеріалах археології, етнографії, міфології, філософських учень, астрономії.<br/><br/>Для науковців, викладачів, студентів, усіх, хто цікавиться історією матеріальної та духовної культури.
650 #7 - Додаткове предметне введення – тематичний термін
Тематичний термін чи географічна назва, як елемент введення (НП) 9 Географія. Біографії. Історія
Джерело заголовка чи терміна UDC
942 ## - Додаткові елементи входу (Коха)
Тип елемента Koha Книги
Source of classification or shelving scheme Universal Decimal Classification
955 ## - Код типу видання за змістом
Код типу видання за змістом (НП) Наукові видання
Фонди
Стан вилучень Стан втрат Джерело класифікації або схеми стелажів Стан уражень Не для кредиту Код колекції Постійне місце розташування Поточне розміщення Дата придбання Джерело придбання Вартість, звичайна ціна покупки Інвентарний номер Усього замовленно Повний номер виклику Штрих-код Дата останнього перегляду Ціна ефективна від Тип елемента Koha Дата останньої перевірки Вартість, ціна заміни
    Universal Decimal Classification       АБ - Абонемент НБ АБ - Абонемент НБ 23/06/2005 98/2005 3.00 86350   94(100) Ч-74 86350 19/01/2022 23/06/2005 Книги    
    Universal Decimal Classification       АБ - Абонемент НБ АБ - Абонемент НБ 23/06/2005 98/2005 3.00 86351   94(100) Ч-74 86351 19/01/2022 23/06/2005 Книги    
    Universal Decimal Classification       АБ - Абонемент НБ АБ - Абонемент НБ 23/06/2005 98/2005 3.00 86352   94(100) Ч-74 86352 19/01/2022 23/06/2005 Книги    
    Universal Decimal Classification       АБ - Абонемент НБ АБ - Абонемент НБ 23/06/2005 98/2005 3.00 86353 1 94(100) Ч-74 86353 07/10/2025 23/06/2005 Книги 28/03/2024  
    Universal Decimal Classification       АБ - Абонемент НБ АБ - Абонемент НБ 23/06/2005 98/2005 3.00 86354   94(100) Ч-74 86354 20/01/2022 23/06/2005 Книги    
    Universal Decimal Classification     Колекція Жулинського М.Г. ЧЗ - Читальна зала ЧЗ - Читальна зала 15/12/2016 52/2016 20.00 152847   94(100) Ч-74 152847 06/02/2022 23/06/2005 Книги    
    Universal Decimal Classification     Колекція Жулинського М.Г. ЧЗ - Читальна зала ЧЗ - Читальна зала 16/09/2021 №24/07.09.2021 20.00     94(100) Ч-74 163910 06/02/2022 16/09/2021 Книги   20.00